| 000 | 00561nam a2200181Ia 4500 | ||
|---|---|---|---|
| 003 | GCL | ||
| 008 | 140319s9999 xx 000 0 eng d | ||
| 040 |
_aGCL / _cGCL |
||
| 082 | 0 | 4 |
_a320.968 _bS T |
| 100 | 1 | _aSPARKS, ALISTER | |
| 245 | 1 | 0 |
_aTOMORROW IS ANOTHER COUNTRY: THE INSIDE STORY OF SOUTH AFRICA'S NEGOTIATED REVOLUTION / _cSPARKS, ALISTER |
| 260 |
_a[S.N] : _bMANDARIN ، _c1996 |
||
| 300 | _a254 P | ||
| 650 | 0 | 4 | _aSOUTH AFRICA |
| 650 | 0 | 4 | _aSOUTH AFRICA - POLITICS AND GOVERNMENT |
| 650 | 0 | 4 | _aSOUTH AFRICA - POLITICAL CONDITION |
| 942 |
_2ddc _cBK |
||
| 999 |
_c15019 _d15019 |
||